000 01124nam a22003137a 4500
001 BR8500472
003 BR-BrBNA
005 20230928092040.0
007 ta
008 230509b bl.||||| |||| 00| 0 por d
040 _aBR-BrBNA
_bpor
_cBiblioteca Nacional de Agricultura
041 _a(Por)
072 _aF23; F22
_b/G514
090 _ F23 BR8500472
100 1 _aCorrea, G.F.
110 1 _aUniversidade Federal de Vicosa, MG (Brasil)
_0Tese (Magister Scientiae)
245 1 _aModelo de evolucao e mineralogia da fracao de argila de solos do planalto de Vicosa, MG [Minas Gerais, Brasil]
246 1 _a[Evolution model and clay fraction mineralogy of soils in the Vicosa plateau, MG [Minas Gerais, Brazil]]
260 3 _aVicosa, MG (Brasil):
_c1984.
300 _a103 p.
500 _a29 illus.; 11 tables; Bibliography p. 79-85 (79 ref.); Summary (Por). (*) Documento disponível na(o) Universidade Federal de Vicosa, MG (Brazil)
650 _aMINERALOGIA
650 _aARGILA
650 _aSOLO
650 _aVICOSA
650 _aMINAS GERAIS
909 _a202309
_bLucia
_c55
_dLucia Elande
942 _cBK
999 _c36886
_d36886